Cartilla Prc̀tica 2016. Unidad de Gestin̤ Pensional y Parafiscales (UGPP)

Detalles Bibliográficos
Autor principal: Chavarro Cadena, Jorge Enrique
Otros Autores: Cortes Guzman, Guillermo
Formato: Libro
Lenguaje:español
Publicado: Colombia Editorial Nueva Legislacin̤ 2016
Materias:
Acceso en línea:Acceso restringido

MARC

LEADER 00000nam a22000007a 4500
005 20160613103854.0
007 cr|||| ||u|
008 160613s2016 ck ||||| |||| 00||0 spa d
020 |a 978-958-59217-9-5 
035 |a 14290 
040 |a vLex  
090 |c 6171  |d 6171 
100 1 |a Chavarro Cadena, Jorge Enrique  
245 1 0 |a Cartilla Prc̀tica 2016. Unidad de Gestin̤ Pensional y Parafiscales (UGPP)  |h [Recurso electrn̤ico] /  |c Jorge Enrique Chavarro Cadena  
256 |a Servicio en ln̕ea  
260 |a Colombia  |b Editorial Nueva Legislacin̤  |c 2016 
300 |a 1 recurso electrn̤ico (208 pg̀inas)  
500 |a Requerimiento de Informacin̤ solicitada por la UGPP. Desarrollo Caso Prc̀tico. 208 pg̀inas. 
506 1 |a Contenido solo disponible en los productos indicados  |d vLex Global  |d vLex Global (Academic Edition, excluding Law Schools)  |d vLex Global (U.S. Academic Edition, Law Schools)  |d vLex Global (U.S. Academic Edition, excluding Law Schools)  |d vLex Global (Academic Edition, Law Schools) 
650 0 4 |a Pensiones  |z Colombia 
700 1 |a Cortes Guzman, Guillermo 
740 0 |a vLex libros (servicio en ln̕ea)  
856 4 0 |u http://vlex.com/source/cartilla-practica-2016-unidad-gestion-pensional-parafiscales-ugpp--14290  |z Acceso restringido 
942 |c BOOK 
999 0 |a Pensions  |b Colombia